000 00629nam a22001937a 4500
005 20251108164236.0
008 250721s1987 xx 000 0 ara d
082 1 4 _a791.437/أند
100 1 _aأندرو، دادلي
245 1 0 _aنظريات الفيلم الكبرى /
264 1 _aالقاهره :
_bالهيئه المصريه العامه للكتاب،
_c1987.
300 _a43ص
490 0 _aالألف كتاب الثاني ؛ 51
650 1 7 _aالسينما
650 1 7 _aالأفلام السينمائية
700 1 _aالرشيدي، جرجس فؤاد
_eترجمة
942 _2ddc
_cBK
999 _c7249
_d7249